Statistics for World Leaders 2017-

Click here to take the quiz!

General Stats

  • This quiz has been taken 28 times
  • The average score is 8 of 22

Answer Stats

HintAnswer% Correct
GermanyAngela Merkel
88%
USADonald Trump
88%
England/UKTheresa May
79%
CanadaJustin Trudeau
75%
Russia (President)Vladimir Putin
71%
North KoreaKim Jong Un
63%
IsraelBenjamin Netanyahu
50%
ChinaXi Jinping
46%
JapanShinzo Abe
38%
South AfricaJacob Zuma
33%
ScotlandNicola Sturgeon
33%
Northern IrelandArlene Foster
25%
Russia (PM)Dmitry Medvedev
13%
MexicoEnrique Pena Nieto
13%
SpainMariano Rajoy
13%
WalesCarwyn Jones
8%
IrelandEnda Kenny
8%
BrazilMichel Temer
8%
FranceBernard Cazeneuve
0%
SyriaLmad Khamis
0%
ArgentinaMauricio Macri
0%
ItalyPaolo Genitoli
0%

Score Distribution

Percentile by Number Answered

Percent of People with Each Score

Your Score History

You have not taken this quiz